[Event "Titled Tue 27th May Early"]
[Site "chess.com INT"]
[Date "2025.05.27"]
[Round "8"]
[White "Nguyen Quang Anh"]
[Black "Slovineanu, Viacheslav"]
[Result "0-1"]
[WhiteTitle "CM"]
[BlackTitle "IM"]
[WhiteElo "2052"]
[BlackElo "2412"]
[WhiteFideId "12432377"]
[BlackFideId "13900510"]
[EventDate "2025.05.27"]

1. d4 Nf6 2. c4 e6 3. Nc3 d5 4. cxd5 Nxd5 5. e4 Nxc3 6. bxc3 c5 7. Nf3 cxd4 8.
cxd4 Bb4+ 9. Bd2 Bxd2+ 10. Qxd2 O-O 11. Be2 Nd7 12. O-O b6 13. Bd3 Bb7 14. Rac1
Rc8 15. Qf4 Rxc1 16. Rxc1 Qb8 17. Qxb8 Rxb8 18. Rc7 Nf6 19. Ng5 h6 20. Nxf7 Bxe4
21. Bc4 Bd5 22. Bxd5 Nxd5 23. Rxa7 b5 24. Ne5 b4 25. g3 Rc8 26. Ra6 Rc2 27. Nd3
Rd2 28. Nc5 Rxd4 29. Nxe6 Rd2 30. Ra7 g5 31. Rg7+ Kh8 32. Rg6 Kh7 33. Rg7+ Kh8
34. Ra7 Kg8 35. Nc5 Nc3 36. Rb7 Nxa2 37. Ne4 Rd4 38. Nf6+ Kf8 39. Kg2 Nc1 40. h3
b3 41. Ng4 Rd2 42. Nxh6 b2 43. Nf5 Nd3 44. Ne3 Rxf2+ 45. Kg1 Re2 46. Ng2 Rc2 47.
Rb8+ Ke7 48. Ne3 Rc1+ 49. Kg2 b1=Q 50. Nf5+ Kf6 51. Rxb1 Rxb1 52. g4 Nf4+ 53.
Kf3 Rb3+ 54. Ke4 Rxh3 55. Ne3 Rxe3+ 56. Kxe3 Ke5 57. Kf3 Ne6 58. Ke3 Nc5 59. Kf3
Kd4 60. Kg3 Ke4 61. Kg2 Kf4 0-1

[Event "Titled Tue 27th May Early"]
[Site "chess.com INT"]
[Date "2025.05.27"]
[Round "8"]
[White "Bendayan Claros, Aaron"]
[Black "Arabidze, Meri"]
[Result "1-0"]
[WhiteTitle "CM"]
[BlackTitle "IM"]
[WhiteElo "2224"]
[BlackElo "2440"]
[WhiteFideId "3803392"]
[BlackFideId "13604040"]
[EventDate "2025.05.27"]

1. d4 d5 2. Nf3 Nf6 3. e3 c6 4. c4 g6 5. Nc3 Bg7 6. Be2 O-O 7. O-O b6 8. b4 a5
9. b5 dxc4 10. Bxc4 cxb5 11. Nxb5 Ba6 12. a4 Nc6 13. Ba3 Nb4 14. Qb3 Nfd5 15. e4
Nf6 16. Bxb4 axb4 17. e5 Nh5 18. Qxb4 Nf4 19. Rad1 Bb7 20. Qb3 Bd5 21. Nc3 Bxf3
22. gxf3 e6 23. Ne4 Qh4 24. Kh1 Rxa4 25. Rg1 Raa8 26. Rg4 Qh6 27. Rdg1 Rfb8 28.
Ng5 Nh5 29. Bxe6 Rf8 30. Bxf7+ Kh8 31. Bd5 Nf4 32. Bxa8 Ne2 33. Nf7+ Rxf7 34.
Qxf7 Nxg1 35. Rxg1 1-0

[Event "Titled Tue 27th May Early"]
[Site "chess.com INT"]
[Date "2025.05.27"]
[Round "8"]
[White "Rustemov, Alexander"]
[Black "Shogdzhiev, Roman"]
[Result "0-1"]
[WhiteTitle "GM"]
[BlackTitle "FM"]
[WhiteElo "2525"]
[BlackElo "2329"]
[WhiteFideId "4119002"]
[BlackFideId "55653537"]
[EventDate "2025.05.27"]

1. d4 d5 2. c4 c6 3. Nc3 Nf6 4. e3 e6 5. Nf3 Nbd7 6. Qc2 Bd6 7. Bd2 O-O 8. O-O-O
dxc4 9. Bxc4 b5 10. Bd3 Bb7 11. e4 b4 12. e5 bxc3 13. Bxc3 Be7 14. exf6 Nxf6 15.
Kb1 a5 16. Ne5 Ba6 17. Nxc6 Qd7 18. Nxa5 Bxd3 19. Rxd3 Rfc8 20. Nb3 Qa4 21. a3
Nd5 22. Nc5 Qb5 23. Bd2 e5 24. Qb3 Qc6 25. Rc1 Rcb8 26. Qc2 exd4 27. Ne4 Qg6 28.
Rxd4 Bxa3 29. f3 Rxb2+ 30. Qxb2 Bxb2 31. Kxb2 Qb6+ 32. Kc2 Qxd4 33. Kd1 f5 34.
Ng5 h6 0-1

[Event "Titled Tue 27th May Early"]
[Site "chess.com INT"]
[Date "2025.05.27"]
[Round "8"]
[White "Yanev, Tihomir"]
[Black "Mikhailova, Irina"]
[Result "1-0"]
[WhiteTitle "IM"]
[BlackTitle "WGM"]
[WhiteElo "2354"]
[BlackElo "2143"]
[WhiteFideId "2910110"]
[BlackFideId "4109040"]
[EventDate "2025.05.27"]

1. e4 c5 2. Nc3 Nc6 3. g3 g6 4. Bg2 Bg7 5. d3 d6 6. f4 e6 7. Nf3 Nge7 8. O-O O-O
9. g4 f5 10. gxf5 exf5 11. Bd2 Be6 12. Kh1 h6 13. Qe1 Qd7 14. Qg3 Kh7 15. Rae1
Rae8 16. h4 Ng8 17. h5 gxh5 18. Nh4 Nd4 19. exf5 Bxf5 20. Rxe8 Qxe8 21. Ne4 Qd7
22. c3 Nc6 23. Nxf5 Qxf5 24. Nxd6 Qg4 25. Qxg4 hxg4 26. Nxb7 Nce7 27. Nxc5 Nf5
28. Be4 Ne7 29. Ne6 Rf6 30. Nxg7 Kxg7 31. Kg2 h5 32. c4 Kh6 33. Kf2 h4 34. d4
g3+ 35. Kg2 Ng6 36. d5 Rf8 37. c5 1-0

[Event "Titled Tue 27th May Early"]
[Site "chess.com INT"]
[Date "2025.05.27"]
[Round "8"]
[White "Preobrazhenskaya, Diana"]
[Black "Hajiyev, Kanan"]
[Result "1/2-1/2"]
[WhiteTitle "WFM"]
[BlackTitle "FM"]
[WhiteElo "2103"]
[BlackElo "2197"]
[WhiteFideId "34270566"]
[BlackFideId "13404148"]
[EventDate "2025.05.27"]

1. e4 a6 2. d4 c6 3. Nf3 d5 4. exd5 cxd5 5. c4 Nf6 6. Nc3 Nc6 7. Be3 Bg4 8. Be2
e6 9. c5 Be7 10. h3 Bh5 11. O-O O-O 12. a3 Ne4 13. Nd2 Bxe2 14. Qxe2 f5 15. Nf3
Bf6 16. Rad1 g5 17. Nxe4 dxe4 18. Ne5 f4 19. Bc1 Nxd4 20. Qxe4 Qd5 21. Qxd5 exd5
22. Rxd4 Bxe5 23. Rxd5 Bf6 24. b4 Rf7 25. Rfd1 Kg7 26. Rd7 Rf8 27. f3 Kg6 28.
Kf1 Be5 29. Rxf7 Rxf7 30. Rd8 h5 31. Bd2 g4 32. hxg4 hxg4 33. fxg4 Kg5 34. Rg8+
Rg7 35. Rxg7+ Bxg7 36. g3 Kxg4 37. gxf4 Kf3 38. Ke1 Ke4 39. Ke2 Kd4 40. Kf3 Kd3
41. Be3 Kc3 42. f5 Bf6 43. Bc1 Kc2 44. Bf4 Kb3 45. Ke4 Kxa3 46. Be5 Be7 47. f6
Bxf6 48. Bxf6 Kxb4 49. Bd4 Kc4 50. Bf2 a5 51. Kf3 Kd3 52. Be1 a4 53. Bb4 Kc4 54.
Ba3 Kb3 55. Bc1 a3 56. Bxa3 Kxa3 57. Ke4 Kb4 58. Kd4 Kb5 59. Kd5 Kb4 60. Kd4 Kb5
61. Kd5 Kb4 62. Kd4 1/2-1/2

[Event "Titled Tue 27th May Early"]
[Site "chess.com INT"]
[Date "2025.05.27"]
[Round "8"]
[White "Vaganian, Rafael A"]
[Black "Emeliantsev, Anatoliy"]
[Result "1-0"]
[WhiteTitle "GM"]
[BlackTitle "FM"]
[WhiteElo "2449"]
[BlackElo "2359"]
[WhiteFideId "13300016"]
[BlackFideId "4160681"]
[EventDate "2025.05.27"]

1. d4 Nf6 2. Nf3 g6 3. g3 Bg7 4. Bg2 O-O 5. c4 d6 6. Nc3 c5 7. O-O cxd4 8. Nxd4
Nc6 9. Nxc6 bxc6 10. Bxc6 Rb8 11. Bg2 Qa5 12. Qc2 Bf5 13. e4 Be6 14. b3 Nxe4 15.
Bxe4 Qxc3 16. Qxc3 Bxc3 17. Bh6 Bxa1 18. Bxf8 Kxf8 19. Rxa1 a5 20. Rb1 Ke8 21.
Kf1 Kd7 22. Ke2 f5 23. Bd3 Kc6 24. Kd2 Bf7 25. Kc3 Kc5 26. a3 e5 27. b4+ axb4+
28. axb4+ Kc6 29. Ra1 d5 30. Ra6+ Kb7 31. c5 d4+ 32. Kd2 Kc8 33. Rf6 Be8 34. Rf8
Kc7 35. b5 e4 36. Bc4 Bxb5 37. Rxb8 Bxc4 38. Rh8 g5 39. Rxh7+ Kc6 40. Rh6+ Kxc5
41. Rg6 Kb4 42. Rxg5 1-0

[Event "Titled Tue 27th May Early"]
[Site "chess.com INT"]
[Date "2025.05.27"]
[Round "8"]
[White "Rozman, Levy"]
[Black "Gadzhiev, Ruslan"]
[Result "1-0"]
[WhiteTitle "IM"]
[BlackTitle "CM"]
[WhiteElo "2324"]
[BlackElo "2169"]
[WhiteFideId "2039877"]
[BlackFideId "55671926"]
[EventDate "2025.05.27"]

1. d4 d5 2. Bg5 Nf6 3. Bxf6 gxf6 4. c4 c6 5. Nc3 e6 6. e3 f5 7. Qh5 Nd7 8. cxd5
Nf6 9. Qh4 cxd5 10. Bb5+ Bd7 11. Bxd7+ Nxd7 12. Qf4 Nf6 13. Nf3 Bd6 14. Ne5 Rg8
15. O-O Ng4 16. h3 Nxe5 17. dxe5 Be7 18. Nb5 Qb6 19. Qa4 Kf8 20. Rac1 a6 21. Nd4
Rd8 22. Rc3 Qa7 23. Rc7 Qb8 24. Rfc1 Rg6 25. Qa5 Re8 26. Qb6 Bd8 27. Qb4+ Be7
28. Qxb7 Qxb7 29. Rxb7 Bg5 30. f4 Bh4 31. Nf3 Be7 32. Rcc7 Rg7 33. Ra7 f6 34.
Nd4 1-0

[Event "Titled Tue 27th May Early"]
[Site "chess.com INT"]
[Date "2025.05.27"]
[Round "8"]
[White "Tilahun, Abel Mathewos"]
[Black "Sovetbekova, Nurai"]
[Result "0-1"]
[WhiteTitle "CM"]
[BlackTitle "WFM"]
[WhiteElo "1944"]
[BlackElo "2007"]
[WhiteFideId "15702391"]
[BlackFideId "13801910"]
[EventDate "2025.05.27"]

1. c4 e6 2. Nc3 Nf6 3. d4 d5 4. Nf3 Be7 5. Bf4 O-O 6. e3 b6 7. cxd5 Nxd5 8. Nxd5
Qxd5 9. a3 Ba6 10. Bxa6 Nxa6 11. Qa4 Qb7 12. Rc1 c5 13. O-O Bf6 14. b4 cxd4 15.
exd4 Rac8 16. h3 Nc7 17. Be5 Be7 18. Bxc7 Rxc7 19. Rxc7 Qxc7 20. Ne5 Rc8 21. Re1
h6 22. Re3 Bf6 23. Qb5 Qc1+ 24. Kh2 Bg5 25. Rf3 Bf4+ 26. g3 Bxe5 27. Qxe5 Qd1
28. Qf4 f6 29. Qd6 Qxf3 30. Qxe6+ Kh7 31. Qxc8 Qxf2+ 32. Kh1 Qxd4 33. Qf5+ Kg8
34. Qc8+ Kf7 35. Qc7+ Kg6 36. Qxa7 Qd1+ 37. Kh2 Qe2+ 38. Kh1 Qf1+ 39. Kh2 Qf2+
40. Kh1 Qxg3 41. Qxb6 Qxh3+ 42. Kg1 Qxa3 43. b5 h5 44. Qb8 h4 45. b6 h3 46. b7
Qf3 0-1

[Event "Titled Tue 27th May Early"]
[Site "chess.com INT"]
[Date "2025.05.27"]
[Round "8"]
[White "Tahbaz, Arash"]
[Black "Shukhman, Anna"]
[Result "0-1"]
[WhiteTitle "IM"]
[BlackTitle "WGM"]
[WhiteElo "2462"]
[BlackElo "2413"]
[WhiteFideId "12528846"]
[BlackFideId "54180058"]
[EventDate "2025.05.27"]

1. Nf3 d5 2. g3 Nf6 3. Bg2 g6 4. O-O Bg7 5. d3 O-O 6. Nbd2 c5 7. e4 dxe4 8. dxe4
Nc6 9. Re1 Be6 10. c3 Qc7 11. Qe2 Rad8 12. Nc4 b5 13. Bf4 Qc8 14. Nce5 Nxe5 15.
Bxe5 a6 16. b3 Bh3 17. Rad1 Bxg2 18. Kxg2 Qe6 19. h3 h6 20. Qe3 Qc6 21. Bxf6
Bxf6 22. Rxd8 Rxd8 23. Qxh6 Bxc3 24. Ng5 Bg7 25. Qh7+ Kf8 26. Re3 Rd6 27. h4 c4
28. bxc4 bxc4 29. h5 gxh5 30. Qf5 Bf6 31. Rf3 c3 32. e5 c2 33. exf6 c1=Q 34. Qh7
Qxg5 35. Qh8+ Qg8 36. fxe7+ Kxe7 37. Qxg8 Rf6 38. Qg5 Qxf3+ 39. Kh3 Qh1# 0-1

[Event "Titled Tue 27th May Early"]
[Site "chess.com INT"]
[Date "2025.05.27"]
[Round "8"]
[White "Ebrahimi Herab, Hamidreza"]
[Black "Karttunen, Mika"]
[Result "1-0"]
[WhiteTitle "FM"]
[BlackTitle "IM"]
[WhiteElo "2404"]
[BlackElo "2490"]
[WhiteFideId "22512888"]
[BlackFideId "502081"]
[EventDate "2025.05.27"]

1. d4 Nf6 2. c4 e6 3. Nc3 d5 4. cxd5 exd5 5. Bg5 Bb4 6. e3 h6 7. Bh4 g5 8. Bg3
Ne4 9. Ne2 h5 10. h4 Nxg3 11. Nxg3 gxh4 12. Nxh5 Qg5 13. Nf4 c6 14. g3 Nd7 15.
Bh3 Nf6 16. Bxc8 Rxc8 17. Qb3 Bxc3+ 18. bxc3 Rc7 19. Qa3 a6 20. Qd6 Rc8 21. Rb1
Ne4 22. Qb4 Rc7 23. Qb6 Re7 24. Qa7 Kf8 25. Rxb7 Rxb7 26. Qxb7 Rh6 27. Qc8+ Kg7
28. g4 Nxc3 29. Nh5+ Kh7 30. Qd7 Qg6 31. Nf4 Qb1+ 32. Kd2 Qb2+ 33. Kd3 Rf6 34.
g5 Rxf4 35. exf4 Ne4 36. Qxf7+ Kh8 37. Rxh4# 1-0

[Event "Titled Tue 27th May Early"]
[Site "chess.com INT"]
[Date "2025.05.27"]
[Round "8"]
[White "King, Alexander"]
[Black "Kawka, Milena"]
[Result "0-1"]
[WhiteTitle "FM"]
[BlackTitle "WCM"]
[WhiteElo "2263"]
[BlackElo "2004"]
[WhiteFideId "2063620"]
[BlackFideId "21095167"]
[EventDate "2025.05.27"]

1. c4 e5 2. g3 h5 3. Nf3 e4 4. Nh4 Be7 5. Nf5 d6 6. Nxe7 Qxe7 7. Bg2 Nf6 8. Nc3
h4 9. d3 exd3 10. Qxd3 hxg3 11. hxg3 Rxh1+ 12. Bxh1 Nbd7 13. Bg5 Ne5 14. Qc2 Qe6
15. Nd5 Nxd5 16. cxd5 Qf5 17. Qxf5 Bxf5 18. Rc1 Kd7 19. Bg2 Re8 20. Kd2 f6 21.
Bf4 Rh8 22. Rh1 Rxh1 23. Bxh1 g5 24. Bxe5 dxe5 25. Kc3 Kd6 26. b4 Bd7 27. e4 Bb5
28. Bf3 Bd7 29. Be2 a6 30. Kb3 Be8 31. g4 Bg6 32. f3 Be8 33. a4 Bd7 34. a5 Bc8
35. Bd3 Bd7 36. Kc3 Ba4 37. Be2 c6 38. dxc6 Bxc6 39. Kc4 Bb5+ 0-1

[Event "Titled Tue 27th May Early"]
[Site "chess.com INT"]
[Date "2025.05.27"]
[Round "8"]
[White "Piddubna, Bozhena"]
[Black "Piesik, Piotr"]
[Result "0-1"]
[WhiteTitle "WFM"]
[BlackTitle "IM"]
[WhiteElo "2174"]
[BlackElo "2436"]
[WhiteFideId "34109293"]
[BlackFideId "1136194"]
[EventDate "2025.05.27"]

1. d4 d5 2. c4 c6 3. Nf3 Nf6 4. g3 Bf5 5. Nc3 e6 6. Nh4 Bg6 7. Nxg6 hxg6 8. Qd3
Nbd7 9. Bg2 a6 10. O-O b5 11. b3 Be7 12. e4 dxc4 13. bxc4 Ne5 14. Qd1 Nxc4 15.
e5 Nd5 16. Ne4 Qb6 17. Rb1 Rd8 18. Bg5 Nc3 19. Nxc3 Bxg5 20. Qg4 Be7 21. Rfd1
O-O 22. h4 c5 23. Na4 Qc7 24. Nxc5 Bxc5 25. dxc5 Qxc5 26. h5 Nxe5 27. Qh4 g5 28.
Qe4 Nc4 29. Qb7 Rd6 30. Rdc1 Rfd8 31. Qf3 Qd4 32. Rd1 Qe5 33. Re1 Qf6 34. Qg4
Rd2 35. Rf1 Ne5 36. Qe4 R2d4 37. Qb7 R4d6 38. Rbc1 Nc4 39. Rce1 g4 40. Rd1 Rxd1
41. Rxd1 Rxd1+ 42. Kh2 Qxf2 43. Qa8+ Kh7 44. Qe4+ f5 45. Qxe6 Qg1# 0-1

[Event "Titled Tue 27th May Early"]
[Site "chess.com INT"]
[Date "2025.05.27"]
[Round "8"]
[White "Ramos Espinoza, Efren Andres"]
[Black "Negrean, Andrei"]
[Result "0-1"]
[WhiteTitle "FM"]
[BlackTitle "FM"]
[WhiteElo "2104"]
[BlackElo "2336"]
[WhiteFideId "6100538"]
[BlackFideId "1291513"]
[EventDate "2025.05.27"]

1. d4 Nf6 2. Nf3 g6 3. b3 Bg7 4. Bb2 O-O 5. g3 b6 6. Bg2 Bb7 7. O-O c5 8. c4
cxd4 9. Bxd4 Nc6 10. Bb2 d5 11. cxd5 Qxd5 12. Nc3 Qd7 13. Qxd7 Nxd7 14. Rad1 Nc5
15. Ba1 Rac8 16. Bh3 f5 17. Bg2 Rfd8 18. Rc1 e5 19. Rfd1 e4 20. Ne1 Ba6 21. Bf1
Kf7 22. Nd5 Bxa1 23. Rxa1 Ne7 24. Nxe7 Kxe7 25. Rac1 Rxd1 26. Rxd1 g5 27. e3
Bxf1 28. Kxf1 h5 29. Ke2 Nd7 30. Rd5 Ke6 31. Rd2 Ne5 32. Nc2 Nf3 33. Nd4+ Nxd4+
34. Rxd4 Rc2+ 35. Rd2 Rxd2+ 36. Kxd2 Kd5 37. Kc3 Kc5 38. a3 a5 39. h4 gxh4 40.
gxh4 b5 41. b4+ axb4+ 42. axb4+ Kd5 43. Kb3 Ke5 44. Kc3 f4 45. Kd2 Kf5 46. Kc3
fxe3 47. fxe3 Kg4 48. Kd4 Kf3 49. Kc5 Kxe3 50. Kxb5 Kf3 51. Kc6 e3 52. b5 e2 53.
b6 e1=Q 54. b7 Qe4+ 55. Kc7 Qe5+ 56. Kc8 Kg4 57. b8=Q Qxb8+ 58. Kxb8 Kxh4 59.
Kc7 Kg3 60. Kd6 h4 61. Ke5 h3 62. Ke4 h2 63. Ke3 h1=Q 0-1

[Event "Titled Tue 27th May Early"]
[Site "chess.com INT"]
[Date "2025.05.27"]
[Round "8"]
[White "Sarasketa Irastortza, Oier"]
[Black "Berezin, Viktor RUS"]
[Result "0-1"]
[WhiteTitle "CM"]
[BlackTitle "FM"]
[WhiteElo "2190"]
[BlackElo "1921"]
[WhiteFideId "54728207"]
[BlackFideId "4128869"]
[EventDate "2025.05.27"]

1. d4 Nf6 2. c4 g6 3. Nf3 Bg7 4. g3 O-O 5. Bg2 c5 6. O-O cxd4 7. Nxd4 Nc6 8. Nc2
d6 9. Nc3 Bd7 10. e4 Rc8 11. Ne3 Ne5 12. Qe2 a6 13. h3 e6 14. f4 Nc6 15. Rd1 Qc7
16. Bd2 Na5 17. b3 Qc5 18. Rac1 Nc6 19. Na4 Qa7 20. Qf2 Nd4 21. Bc3 e5 22. fxe5
dxe5 23. Nb2 Bc6 24. Bxd4 exd4 25. Nd5 Nxd5 26. exd5 Bd7 27. Nd3 Rfe8 28. Re1
Bf5 29. Qd2 Re3 30. Rxe3 dxe3 31. Qe2 Bxd3 32. Qxd3 e2+ 33. Kh2 Re8 34. Re1 Qf2
35. Qd2 Bh6 36. Qc2 Qxe1 0-1

[Event "Titled Tue 27th May Early"]
[Site "chess.com INT"]
[Date "2025.05.27"]
[Round "8"]
[White "Hiwale, Ronak"]
[Black "Punin, Andrii"]
[Result "1/2-1/2"]
[BlackTitle "FM"]
[WhiteElo "2105"]
[BlackElo "2289"]
[WhiteFideId "30975336"]
[BlackFideId "14112639"]
[EventDate "2025.05.27"]

1. Nf3 c5 2. g3 Nc6 3. Bg2 e5 4. O-O d5 5. d3 Be7 6. e4 d4 7. Ne1 h5 8. f4 h4 9.
f5 hxg3 10. hxg3 Bg5 11. Nf3 Bxc1 12. Qxc1 Bd7 13. Nbd2 Qf6 14. Nb3 b6 15. a4
Nh6 16. a5 Rb8 17. axb6 axb6 18. Nh2 g5 19. g4 Ke7 20. Nd2 Ra8 21. Rxa8 Rxa8 22.
Rf3 Ng8 23. Rh3 Qg7 24. Ndf1 f6 25. Qe1 Nh6 26. Bf3 Nf7 27. Ng3 Qf8 28. Nhf1 Ra2
29. Qb1 Qa8 30. Qd1 Rxb2 31. Qd2 Nb4 32. Bd1 Qa2 33. Qh2 Qb1 34. Be2 Rxc2 35.
Rh7 Be8 36. Qh5 Qe1 37. Qg6 Nxd3 38. Nh5 Rxe2 39. Qxf6+ Kd7 40. Rxf7+ Bxf7 41.
Qxf7+ Kc6 42. Qe8+ Kb7 43. Qd7+ Ka6 44. Qa4+ Kb7 45. Qd7+ Kb8 46. Qe8+ Kc7 47.
Qe7+ Kc6 48. Qe8+ Kb7 49. Qd7+ 1/2-1/2

[Event "Titled Tue 27th May Early"]
[Site "chess.com INT"]
[Date "2025.05.27"]
[Round "8"]
[White "Erece, Ece Alkim"]
[Black "Birkisson, Bjorn Holm"]
[Result "1-0"]
[WhiteTitle "WCM"]
[BlackTitle "CM"]
[WhiteElo "1843"]
[BlackElo "2123"]
[WhiteFideId "6346006"]
[BlackFideId "2310600"]
[EventDate "2025.05.27"]

1. e4 c5 2. Nf3 Nc6 3. c3 e6 4. d4 d5 5. exd5 exd5 6. Be3 c4 7. Nbd2 Nf6 8. b3
cxb3 9. axb3 Bd6 10. Bd3 O-O 11. O-O Ng4 12. Bg5 Bxh2+ 13. Kh1 Qd6 14. Qc2 h6
15. Bh4 Bf4 16. Rae1 Be6 17. Re2 Rac8 18. Qb1 g5 19. Bg3 Bxg3 20. fxg3 Qxg3 21.
Bf5 Kg7 22. b4 Ne7 23. Bxg4 Qxg4 24. Qe1 Nf5 25. Kh2 Rxc3 26. Nb1 Rc7 27. Nbd2
h5 28. Ne5 Qxd4 29. Ndf3 Qf4+ 30. Kg1 Ng3 31. Nd3 Nxe2+ 32. Qxe2 Qe4 33. Qd2 f6
34. Nxg5 fxg5 35. Qxg5+ Qg6 36. Qe5+ Rf6 37. Qxc7+ Bf7 38. Qe5 Bg8 39. Nc5 1-0

[Event "Titled Tue 27th May Early"]
[Site "chess.com INT"]
[Date "2025.05.27"]
[Round "8"]
[White "Sarveshwaran V"]
[Black "Panda, Sambit"]
[Result "0-1"]
[WhiteTitle "CM"]
[BlackTitle "IM"]
[WhiteElo "2290"]
[BlackElo "2369"]
[WhiteFideId "25699016"]
[BlackFideId "25091794"]
[EventDate "2025.05.27"]

1. e4 c6 2. d4 d5 3. Nc3 dxe4 4. Nxe4 Nf6 5. Nxf6+ gxf6 6. c3 h5 7. h3 Bf5 8.
Bf4 Nd7 9. Bc4 Nb6 10. Bb3 Nd5 11. Bd2 a5 12. a4 e6 13. Nf3 h4 14. Qe2 Bd6 15.
O-O-O Nf4 16. Bxf4 Bxf4+ 17. Nd2 Rg8 18. Qf3 Qd6 19. Bc2 Bxc2 20. Kxc2 f5 21.
Nc4 Qc7 22. Rhe1 O-O-O 23. Ra1 Rd5 24. Ra3 c5 25. dxc5 Rxc5 26. Ne3 Rd8 27. Rb3
Rd4 28. Qh5 Be5 29. Qh7 Kb8 30. Nd1 Rxa4 31. Qg8+ Ka7 32. Qe8 Rac4 33. Re3 Rd5
34. Rd3 Rxd3 35. Kxd3 Rc6 36. Kc2 Bd4 37. f3 Bc5 38. Qg8 a4 39. Rb5 Ka6 40. c4
Ba7 0-1

[Event "Titled Tue 27th May Early"]
[Site "chess.com INT"]
[Date "2025.05.27"]
[Round "8"]
[White "Lloret Ramis, Juan Jose"]
[Black "Schubert, Christian"]
[Result "0-1"]
[WhiteTitle "FM"]
[BlackTitle "CM"]
[WhiteElo "2019"]
[BlackElo "2203"]
[WhiteFideId "2204053"]
[BlackFideId "4604229"]
[EventDate "2025.05.27"]

1. Nf3 Nf6 2. b3 d6 3. Bb2 e5 4. c4 Bg4 5. d3 c5 6. Nbd2 Nc6 7. g3 Be7 8. Bg2
O-O 9. O-O Qd7 10. a3 a5 11. Bc3 Rfe8 12. Rb1 Nd4 13. b4 axb4 14. axb4 Ra3 15.
Bxd4 cxd4 16. Ra1 Rea8 17. Rxa3 Rxa3 18. Qc1 Qa4 19. b5 Nd7 20. Re1 Nc5 21. h3
Bf5 22. g4 Bg6 23. h4 h6 24. g5 hxg5 25. Nxg5 Bxg5 26. hxg5 Ra2 27. Qd1 Qb4 28.
Nf3 b6 29. Nh4 Bh5 30. Bf3 Bxf3 31. Nxf3 Qb2 32. Kf1 g6 33. Nh2 Kg7 34. Ng4 Qc3
35. Kg2 e4 36. dxe4 Qxc4 37. f3 d3 38. Kf1 d2 0-1

[Event "Titled Tue 27th May Early"]
[Site "chess.com INT"]
[Date "2025.05.27"]
[Round "8"]
[White "Injac, Teodora"]
[Black "Felix, Raphael"]
[Result "1-0"]
[WhiteTitle "IM"]
[BlackTitle "CM"]
[WhiteElo "2474"]
[BlackElo "2201"]
[WhiteFideId "932400"]
[BlackFideId "14339544"]
[EventDate "2025.05.27"]

1. d4 d5 2. Nf3 Nf6 3. Bf4 c5 4. e3 Nc6 5. Nbd2 Bg4 6. c3 Bxf3 7. Nxf3 e6 8. Bd3
Bd6 9. Bg5 h6 10. Bh4 O-O 11. O-O e5 12. dxe5 Nxe5 13. Nxe5 Bxe5 14. Qf3 Qd6 15.
Kh1 Rfe8 16. Rad1 Rad8 17. Rd2 a6 18. Rfd1 Qe6 19. Bf5 Qc6 20. c4 d4 21. Qxc6
bxc6 22. f4 Bc7 23. exd4 Bxf4 24. Rd3 g5 25. Bf2 Re2 26. Bg1 Rxb2 27. g3 Bc7 28.
dxc5 Rxd3 29. Rxd3 Rxa2 30. Bd4 Ne8 31. Bd7 Ng7 32. Bxc6 Nf5 33. Bf6 Kh7 34. Be4
Kg6 35. Bh8 Kh7 36. Bc3 Kg6 37. g4 Rxh2+ 38. Kg1 Ra2 39. Bxf5# 1-0

[Event "Titled Tue 27th May Early"]
[Site "chess.com INT"]
[Date "2025.05.27"]
[Round "8"]
[White "Dogan, Umut Anil"]
[Black "Kjaergaard-Jensen, Jesper"]
[Result "1-0"]
[WhiteTitle "CM"]
[BlackTitle "CM"]
[WhiteElo "2123"]
[BlackElo "2081"]
[WhiteFideId "51618060"]
[BlackFideId "1406990"]
[EventDate "2025.05.27"]

1. d4 Nf6 2. Nf3 d6 3. Bg5 Nbd7 4. Nc3 c5 5. d5 h6 6. Bh4 g5 7. Bg3 Bg7 8. e4
Qa5 9. Nd2 a6 10. Nc4 Qc7 11. a4 h5 12. h4 g4 13. Bd3 Ne5 14. Bxe5 dxe5 15. a5
Kf8 16. Nb6 Rb8 17. Rf1 Ne8 18. f3 Bf6 19. g3 gxf3 20. Qxf3 Bg4 21. Qf2 Nd6 22.
Be2 Nc8 23. Bxg4 Nxb6 24. axb6 Qxb6 25. Na4 Qb4+ 26. c3 Qxe4+ 27. Be2 Qxd5 28.
c4 Qd4 29. Nc3 Qxf2+ 30. Rxf2 Kg7 31. Nd5 b5 32. Rxa6 bxc4 33. Nxf6 exf6 34.
Bxc4 Rh6 35. Rc6 Rb4 36. b3 Rb7 37. Rxc5 Rd7 38. Rd5 Rc7 39. Rf3 Rg6 40. Kf2 Rg4
41. Rfd3 e4 42. Rd7 exd3 43. Rxc7 d2 44. Rd7 f5 45. Rxd2 f4 46. gxf4 Rxf4+ 47.
Kg3 Rg4+ 48. Kh3 f5 49. Be2 1-0

[Event "Titled Tue 27th May Early"]
[Site "chess.com INT"]
[Date "2025.05.27"]
[Round "8"]
[White "Omariev, Maksim"]
[Black "Daulet, Alikhan"]
[Result "1-0"]
[WhiteTitle "FM"]
[BlackTitle "CM"]
[WhiteElo "2304"]
[BlackElo "2100"]
[WhiteFideId "4193423"]
[BlackFideId "13741632"]
[EventDate "2025.05.27"]

1. b3 h5 2. Bb2 h4 3. c4 Nf6 4. Nc3 d6 5. d4 e5 6. Nf3 e4 7. Ng5 Bf5 8. Qc2 Qe7
9. f3 Nbd7 10. Ngxe4 Nxe4 11. fxe4 Bg6 12. Nd5 Qd8 13. e3 c6 14. Nf4 Bh7 15. Bd3
g5 16. Ne2 Bg7 17. O-O Qe7 18. Rf2 Bg6 19. b4 Rf8 20. a4 Nf6 21. Nc3 Ng4 22. Rf3
Kd7 23. b5 Nxe3 24. Rxe3 Bxd4 25. Nd1 Bxe3+ 26. Nxe3 Rfe8 27. Nf5 Bxf5 28. exf5
g4 29. bxc6+ bxc6 30. Bd4 c5 31. f6 Qd8 32. Bc3 g3 33. a5 gxh2+ 34. Kxh2 Qc7 35.
Kh1 Rg8 36. Bf5+ Kd8 37. a6 Ke8 38. Re1+ Kf8 39. Qc1 Rh8 40. Qg5 Re8 41. Qg7# 1-0

[Event "Titled Tue 27th May Early"]
[Site "chess.com INT"]
[Date "2025.05.27"]
[Round "8"]
[White "Nagare Kaivalya Sandip"]
[Black "Antoniou, Rafail"]
[Result "1/2-1/2"]
[WhiteTitle "FM"]
[BlackTitle "CM"]
[WhiteElo "2321"]
[BlackElo "2134"]
[WhiteFideId "25957929"]
[BlackFideId "5904390"]
[EventDate "2025.05.27"]

1. e4 c5 2. Nf3 e6 3. d4 cxd4 4. Nxd4 Nf6 5. Nc3 Nc6 6. Be2 Bb4 7. Nxc6 bxc6 8.
Qd3 d5 9. exd5 Nxd5 10. Bd2 O-O 11. O-O-O a5 12. Qg3 Ba6 13. Bxa6 Rxa6 14. Ne4
Bxd2+ 15. Rxd2 Qe7 16. c4 Nb6 17. Qd6 Qh4 18. Qd3 Raa8 19. Rhd1 h6 20. h3 Rfd8
21. Qg3 Qe7 22. Nd6 Qf6 23. Rd3 Rab8 24. Rf3 Qg5+ 25. Qxg5 hxg5 26. b3 f6 27.
Re3 e5 28. Red3 Rd7 29. Kc2 Kf8 30. Kc3 Rbd8 31. a4 Na8 32. Ne4 Rxd3+ 33. Rxd3
Rxd3+ 34. Kxd3 Nc7 35. Nc5 Ke7 36. Nb7 Ne6 37. Nxa5 Nf4+ 38. Ke4 Kd6 39. Nb7+
Kc7 40. Nc5 Nxg2 41. Ne6+ Kd6 42. Nxg7 Nf4 43. b4 Nxh3 44. c5+ Kc7 45. Ne8+ Kd8
46. Nxf6 Nxf2+ 47. Kxe5 Nd3+ 48. Kd6 Nxb4 49. a5 Kc8 50. Ng4 Kb7 51. Ne5 Ka6 52.
Nxc6 Nxc6 53. Kxc6 g4 54. Kd7 g3 55. c6 g2 56. c7 g1=Q 57. c8=Q+ Kxa5 58. Qc7+
Qb6 59. Qc3+ Qb4 60. Qa1+ Qa4+ 61. Qxa4+ Kxa4 1/2-1/2